[Event "I Torneo Primavera C.A. Alcorcon 2019"]
[Site "Alcorcón ESP"]
[Date "2019.05.05"]
[Round "6.6"]
[White "Del Rio Perezagua, Mario"]
[Black "Fernandez Sanchez, Lorenzo"]
[Result "1-0"]
[WhiteElo "1819"]
[BlackElo "1881"]
[PlyCount "92"]
[EventDate "2019.03.24"]
[EventType "swiss"]
[EventRounds "9"]
[EventCountry "ESP"]
[SourceTitle "Ajedrez en Madrid"]
[Source "lmi"]
[SourceDate "2019.03.24"]
[SourceVersion "1"]
[SourceVersionDate "2019.05.22"]
[SourceQuality "1"]

1. d4 d5 2. Nc3 Nf6 3. Bg5 c6 4. Nf3 Bf5 5. Bxf6 exf6 6. e3 Nd7 7. Bd3 Bxd3 8.
Qxd3 Bd6 9. O-O O-O 10. e4 dxe4 11. Nxe4 Bc7 12. Rfd1 Nb6 13. c4 Re8 14. Nc3
Qd7 15. b4 Rad8 16. a4 Qe6 17. d5 cxd5 18. cxd5 Qd7 19. a5 Nc8 20. a6 Be5 21.
Nxe5 Rxe5 22. Qb5 b6 23. Rac1 Qd6 24. Qc4 Ne7 25. Nb5 Qd7 26. Qc7 Rxd5 27. Rxd5
Qxc7 28. Nxc7 Nxd5 29. Nxd5 Kf8 30. Ne3 Rd4 31. Nf5 Rd8 32. Kf1 g6 33. Ne3 Rd7
34. Ke2 f5 35. f4 Ke7 36. Rd1 Rxd1 37. Nxd1 Kd6 38. Kd3 Kc6 39. Nc3 b5 40. Kd4
f6 41. Nd5 h6 42. Nxf6 Kb6 43. Nd5+ Kxa6 44. Kc5 g5 45. g3 g4 46. Kc6 h5 1-0

[Event "I Torneo Primavera C.A. Alcorcon 2019"]
[Site "Alcorcón ESP"]
[Date "2019.05.05"]
[Round "6.7"]
[White "Gonzalez Lopez, Sergio"]
[Black "Recuenco Andres, Javier"]
[Result "0-1"]
[WhiteElo "1762"]
[BlackElo "1865"]
[PlyCount "106"]
[EventDate "2019.03.24"]
[EventType "swiss"]
[EventRounds "9"]
[EventCountry "ESP"]
[SourceTitle "Ajedrez en Madrid"]
[Source "lmi"]
[SourceDate "2019.03.24"]
[SourceVersion "1"]
[SourceVersionDate "2019.05.22"]
[SourceQuality "1"]

1. c4 e5 2. Nc3 Nc6 3. d3 Nf6 4. g3 d5 5. cxd5 Nxd5 6. Bg2 Be6 7. Nf3 Be7 8.
O-O O-O 9. e4 Ndb4 10. Ne1 Nd4 11. f4 f6 12. f5 Bf7 13. Be3 c6 14. a3 Na6 15.
Qg4 Kh8 16. h4 Nb3 17. Rd1 Bc5 18. Bxc5 Naxc5 19. h5 h6 20. Rf2 Qe8 21. Bf3 Nd4
22. Rh2 Ncb3 23. Ng2 Nxf3+ 24. Qxf3 Nd4 25. Qg4 Rd8 26. Ne2 Qd7 27. Nh4 Kh7 28.
Ng6 Rfe8 29. Nc1 Qc7 30. Kh1 Qb6 31. Rhd2 Rd6 32. Ne2 Nb3 33. Rc2 Qe3 34. Rc3
Nd4 35. Nxd4 Rxd4 36. Nh4 Red8 37. Qf3 Qxf3+ 38. Nxf3 Rxe4 39. dxe4 Rxd1+ 40.
Kg2 Bxh5 41. Rb3 b6 42. Rc3 Bxf3+ 43. Kxf3 Rd6 44. b4 Kg8 45. Kg4 Kf7 46. Kh5
c5 47. bxc5 Rc6 48. Rd3 bxc5 49. Rc3 c4 50. a4 a5 51. Kg4 Ke7 52. Kh5 Kd6 53.
Kg6 Rc7 0-1